UM Logo

World constitutions / (Record no. 20288)

MARC details
000 -LEADER
fixed length control field 00690nam a22002057a 4500
008 - FIXED-LENGTH DATA ELEMENTS--GENERAL INFORMATION
fixed length control field 240514b ||||| |||| 00| 0 eng d
020 ## - INTERNATIONAL STANDARD BOOK NUMBER
International Standard Book Number 8120719379
082 ## - DEWEY DECIMAL CLASSIFICATION NUMBER
Classification number DC 342.02
Item number B46w 2003
100 ## - MAIN ENTRY--PERSONAL NAME
Personal name Bhagwan, Vishnoo.
9 (RLIN) 57111
245 ## - TITLE STATEMENT
Title World constitutions /
Statement of responsibility, etc. Vishnoo Bhagwan and Vidya Bhushan.
250 ## - EDITION STATEMENT
Edition statement Revised & enlarged edition.
260 ## - PUBLICATION, DISTRIBUTION, ETC. (IMPRINT)
Place of publication, distribution, etc. New Delhi :
Name of publisher, distributor, etc. SterlingPublishers Private Limited,
Date of publication, distribution, etc. ©2003.
300 ## - PHYSICAL DESCRIPTION
Extent xi, 820 pages ;
Other physical details illustrations ;
Dimensions 21 cm.
500 ## - GENERAL NOTE
General note Includes index.
650 ## - SUBJECT ADDED ENTRY--TOPICAL TERM
Topical term or geographic name as entry element Constitutions.
9 (RLIN) 57200
650 ## - SUBJECT ADDED ENTRY--TOPICAL TERM
Topical term or geographic name as entry element Constitutional law.
9 (RLIN) 37272
650 ## - SUBJECT ADDED ENTRY--TOPICAL TERM
Topical term or geographic name as entry element Comparative law.
9 (RLIN) 57201
700 ## - ADDED ENTRY--PERSONAL NAME
Personal name Bhushan,Vidhya.
Relator term author.
9 (RLIN) 57112
942 ## - ADDED ENTRY ELEMENTS (KOHA)
Source of classification or shelving scheme Dewey Decimal Classification
Koha item type Circulation
Holdings
Withdrawn status Lost status Source of classification or shelving scheme Damaged status Not for loan Collection code Home library Current library Date acquired Source of acquisition Cost, normal purchase price Total Checkouts Full call number Barcode Date last seen Price effective from Koha item type
    Dewey Decimal Classification     Circulation UM Digos College - LIC UM Digos College - LIC 09/07/2004 Purchased 799.95   DC 342.02 B46w 2003 17722 05/15/2025 05/14/2024 Circulation